[Event "Mumbai Transganization op"]
[Site "Mumbai"]
[Date "2024.01.25"]
[Round "2"]
[White "Vivek, Ashok Jadhav"]
[Black "Darsh, Shetty"]
[Result "0-1"]
[WhiteElo "1267"]
[BlackElo "1702"]
[PlyCount "76"]
[EventDate "2024.01.25"]
[EventType "swiss"]
[EventRounds "8"]
[EventCountry "IND"]
[SourceTitle "CB06_2024"]
[SourceDate "2024.02.07"]
[SourceVersion "1"]
[SourceVersionDate "2024.02.07"]
[SourceQuality "1"]

1. e4 c5 2. Nf3 g6 3. Bc4 Nc6 4. 0-0 Bg7 5. Nc3 e6 6. d3 Nge7 7. Re1 0-0 8. Ne2 d5 9. Bb3 Na5 10. c3 Nxb3 11. Qxb3 Nc6 12. Be3 d4 13. cxd4 cxd4 14. Bd2 e5 15. h3 Qb6 16. Qxb6 axb6 17. a3 f6 18. Ng3 Be6 19. Rac1 Ra4 20. Re2 h5 21. Nh4 Kh7 22. f3 Bh6 23. Bxh6 Kxh6 24. f4 exf4 25. Nf1 g5 26. Nf3 g4 27. hxg4 hxg4 28. N3h2 Kg5 29. g3 f3 30. Rd2 Raa8 31. Rf2 Rfc8 32. Rd1 Ne5 33. Rfd2 Rc7 34. Kf2 Rac8 35. Ke1 Bb3 36. Ra1 Rc1+ 37. Rxc1 Rxc1+ 38. Kf2 Bc2 0-1

[Event "Mumbai Chess Capital op"]
[Site "Mumbai"]
[Date "2019.06.29"]
[Round "3"]
[White "Darsh, Shetty"]
[Black "Menon, Vivek"]
[Result "1-0"]
[WhiteElo "1373"]
[BlackElo "1036"]
[PlyCount "57"]
[EventDate "2019.06.29"]
[EventType "swiss"]
[EventRounds "7"]
[EventCountry "IND"]
[SourceTitle "CBM 191 Extra"]
[Source "ChessBase"]
[SourceDate "2019.09.30"]
[SourceVersion "1"]
[SourceVersionDate "2019.09.30"]
[SourceQuality "1"]

1. b3 e5 2. Bb2 Nc6 3. e3 d5 4. Bb5 Bd6 5. f4 Qe7 6. Nf3 a6 7. Bxc6+ bxc6 8. fxe5 Bc5 9. 0-0 Nh6 10. Nc3 0-0 11. Ne2 Re8 12. Ned4 Bd7 13. Qe1 Ng4 14. Qg3 Nxe5 15. Nxe5 Qxe5 16. Qxe5 Rxe5 17. Nxc6 Rg5 18. Ne5 Bf5 19. Rf2 Bd6 20. h4 Rh5 21. g4 Bxg4 22. Nxg4 Rxh4 23. Rg2 Kf8 24. Rf1 Re8 25. Nh2 g6 26. Ng4 c6 27. Nf6 Re6 28. Nd7+ Kg8 29. Rgf2 1-0

[Event "Mumbai Wealth op U13 4th"]
[Site "Mumbai"]
[Date "2019.01.04"]
[Round "6"]
[White "Nehete, Arnav"]
[Black "Darsh, Shetty"]
[Result "0-1"]
[WhiteElo "1544"]
[BlackElo "1260"]
[PlyCount "112"]
[EventDate "2018.12.30"]
[EventType "swiss"]
[EventRounds "9"]
[EventCountry "IND"]
[SourceTitle "CBM 188 Extra"]
[Source "ChessBase"]
[SourceDate "2019.02.26"]
[SourceVersion "1"]
[SourceVersionDate "2019.02.26"]
[SourceQuality "1"]

1. d4 Nf6 2. c4 e6 3. Nc3 Bb4 4. Nf3 d5 5. e3 0-0 6. Bd3 dxc4 7. Bxc4 b6 8. 0-0 Bb7 9. Bd3 Nbd7 10. Bd2 c5 11. a3 Bxc3 12. Bxc3 cxd4 13. Bxd4 Re8 14. Bb5 Rf8 15. Qe2 a6 16. Ba4 b5 17. Bb3 a5 18. Rfd1 Bxf3 19. Qxf3 Qe7 20. Rac1 e5 21. Bc3 b4 22. axb4 axb4 23. Be1 e4 24. Qe2 Ne5 25. Bc4 Rfd8 26. h3 h6 27. Rd4 Rac8 28. b3 Qa7 29. Qb2 Rxd4 30. Qxd4 Qxd4 31. exd4 Nxc4 32. Rxc4 Rxc4 33. bxc4 b3 34. Bc3 Kf8 35. Kf1 Nd7 36. c5 Nf6 37. Ke2 Nd5 38. Kd2 Nf4 39. Bb2 Nd5 40. f3 e3+ 41. Ke2 Ke7 42. g4 g6 43. f4 h5 44. Kf3 hxg4+ 45. hxg4 Kd7 46. Ke2 Kc6 47. Kd3 Kb5 48. Ke2 Kc4 49. c6 f6 50. f5 g5 51. c7 Nxc7 52. Kxe3 Nd5+ 53. Kd2 Nf4 54. Bc3 Ne2 55. d5 Nxc3 56. d6 Ne4+ 0-1